000 00790nam a2200217 4500
001 122678
003 ES-MaACL
005 20230906192025.0
007 t|
008 070214s1976 sp r ||||1| cat d
100 1 _aPuig Boada, Isidro.
_994253
245 1 2 _aL'esglesia de la Coláonia Güell /
_cIsidro Puig Boada ; fotograf Armand Aribau ; traducción al castellano de Esteban Busquets ; translated into english by Joanne Johnson Conde, Miguel Angel Conde.
260 _aBarcelona :
_bLumen,
_c1976.
300 _aCII p., 121 lám. ;
_c21 cm.
500 _aEdición bilingüe.
700 1 _aAribau, Armand.
_922812
700 1 _aBusquets i Molas, Esteve.
_932850
700 1 _aConde, Joanne Johnson.
_940097
700 1 _aConde, Miguel Angel.
_940106
852 _aES-MaACL
_jA-6338
999 _c122678
_d122678